Tous les vainqueurs de coupe du monde #5 : Water-polo - Statistiques

Statistiques générales
  • Ce quiz a été pris 53 fois
  • Le résultat moyen est 4 sur 6
Statistiques - réponses
Victoires Pays % Correct
4 Italie
80%
5 Serbie
80%
3 Espagne
76%
2 Russie
76%
4 Hongrie
65%
2 Croatie
63%
Aucun quiz correspondant
Distribution des résultats
% des personnes avec chaque résultat
Percentile par nombre de réponses
Votre historique - résultats
Vous n’avez pas pris ce quiz